000 00837nam a2200277 c 4500
999 _c111481
_d111481
003 BLK
005 20220224085715.0
008 180409b bul|||||r ||||||| ||bul||
010 _aKNG00116826000
040 _aBLK
041 _aBUL
_cBUL
080 _aБългарска литература
_b821.163.2
_x-1
_z821.163.2-1
100 1 _aАнгелов, Методи
_eпърви автор
_9312196
139 _aАнгелов, Методи
_bА 64
245 1 0 _aМахалото
_cМетоди Ангелов.
257 _aBGR
260 _bИзд. авт.
_c2003
300 _a106 с.
_bс ил.
_c20 см
380 _aX
653 _aстихотворения
852 _aЦб 216740
852 _aК 821.163.2/А 64 М
856 4 _qpdf
856 4 _qpdf
942 _cKNG
_n0
_s1
944 _aCR
_c06.01.2005
_kЛюдмила_Стоянова
944 _aED
_c11.01.2005
999 _d111481